000 00230 a2200097 4500
001 48583
100 _aNussbaum, A
245 _aA history of the dollar
260 _aNew York
_bColumbia university press
_c
090 _c31511
_d31511
942 _aNUST-CAE
_cM
_c23905
999 _c283656
_d283656